O princípio de todas as coisas (Record no. 15925)
[ view plain ]
| 000 -Etiqueta do registo | |
|---|---|
| Valores | 00854nam a2200253 4500 |
| 010 ## - Número ISBN | |
| ISBN | 9789724412948 |
| 021 ## - Número do Depósito Legal | |
| Número | 331116/11 |
| 100 ## - Dados gerais de processamento | |
| Dados gerais | 20110412d2011 m y0pory5003 ba |
| 200 1# - Titulo e menção de responsabilidade | |
| Título próprio | O princípio de todas as coisas |
| Informação de outro título | ciência e religião |
| Primeira menção de responsabilidade | Hans Küng |
| Outras menções de responsabilidade | trad. Jorge Telles de Menezes |
| -- | rev. Marcelino Amaral |
| 210 #9 - Publicação | |
| Local de publicação | Lisboa |
| Nome do editor | Edições 70, |
| Data de publicação | 2011 |
| 215 ## - Descrição física | |
| Paginação / Volumes | 237 p. |
| Dimensões | 24 cm |
| 225 2# - Colecção | |
| Título próprio da colecção | Extra-colecção) |
| 304 ## - Nota relativa ao título | |
| Texto de nota | Tít. orig.: Der anfang aller dinge |
| 675 ## - CDU | |
| Notação | 27-172 |
| Edição | BN |
| Língua | por |
| 675 ## - CDU | |
| Notação | 27-181 |
| Edição | BN |
| Língua | por |
| 675 ## - CDU | |
| Notação | 27-141 |
| Edição | BN |
| Língua | por |
| 700 #1 - Autor principal (pessoa individual) | |
| Apelido | Küng, |
| Nome | Hans, |
| Datas | 1928-2021 |
| 702 #1 - Autor secundário (pessoa individual) | |
| Apelido | Menezes, |
| Nome | Jorge Telles de, |
| Datas | 1951-2018 |
| 702 #1 - Autor secundário (pessoa individual) | |
| Apelido | Amaral, |
| Nome | Marcelino |
| 801 #0 - Fonte de origem | |
| País | PT |
| Agência | BN |
| Regras de catalogação | RPC |
| 856 41 - Localização e acesso electrónico | |
| URL | <a href="http://rnod.bnportugal.gov.pt/ImagesBN/winlibimg.aspx?skey=&doc=1776832&img=427&save=true">http://rnod.bnportugal.gov.pt/ImagesBN/winlibimg.aspx?skey=&doc=1776832&img=427&save=true</a> |
| 990 ## - Elementos KOHA | |
| Tipo de documento | Livro |
| Situação do levantamento | Estado | Biblioteca de origem | Código de barras | Cota | Permissão de empréstimo | Tipo de documento | Forma de aquisição |
|---|---|---|---|---|---|---|---|
| Biblioteca Municipal do Alandroal | 17200/21 | 113/119 KUG | Livro | Compra |